<The> Econometrics of inflationary expectations

Na minha lista:
Detalhes bibliográficos
Autor principal: Lahiri, Kajal
Formato: Livro
Idioma:inglês
Publicado em: Amsterdam North-Holland Publishing Company 1981
Colecção:Studies in Monetary Economics Vol. 7
Tags: Adicionar Tag
Sem tags, seja o primeiro a adicionar uma tag!

MARC

LEADER 00000nam a2200000 4500
001 c131784
005 20041019155253.3
041 0 |a eng 
044 |a NL 
245 1 0 |a <The> Econometrics of inflationary expectations  |c Kajal Lahiri 
264 1 |a Amsterdam  |b North-Holland Publishing Company  |c 1981 
300 |a 250 s. 
490 1 |a Studies in Monetary Economics  |v Vol. 7 
830 0 |a Studies in Monetary Economics  |v Vol. 7 
100 1 |a Lahiri, Kajal